000 00926nam a22002417a 4500
999 _c18017
_d18017
003 AR-CdUCM
008 190511b ||||| |||| 00| 0 spa d
040 _aMUNICIPALIDAD PROVINCIAL DEL CUSCO
_cBIBLIOTECA MUNICIPAL DEL CUSCO
041 _hger
082 _24ed.
_a190 /
_bM44
100 _aMesser, Augusto
_926393
245 _aIntroducción a la psicología :
_by direcciones de la psicología en la actualidad /
260 _aBuenos Aires :
_bLosada,
_c1950.
300 _a145 páginas ;
_c18.5 cm.
440 _aBiblioteca del Maestro.
_n2
_938342
505 _aContenido: La vida anímica del hombre -- Factores corporales de la vida anímica -- Direcciones de la psicología en la actualidad.
650 _aPsicología
_91538
650 _aEscuelas y sistemas
_97269
650 _aLa vida
_938343
700 _aRodríguez Danilewski, Julia (traducción)
_938344
942 _2ddc
_cLIBROS
945 _aachl
_d2019-05-11